Rethinking class: culture, identities and lifestyle /
Guardado en:
| Andre forfattere: | , , , |
|---|---|
| Format: | Bog |
| Sprog: | English |
| Udgivet: |
New York:
Palgrave Macmillan,
2005
|
| Tags: |
Tilføj Tag
Ingen Tags, Vær først til at tagge denne postø!
|
MARC
| LEADER | 00000nam a22000007a 4500 | ||
|---|---|---|---|
| 003 | cru CRAI/IIS | ||
| 005 | 20200220111600.0 | ||
| 008 | 200220t2005 nyu|||||r||||||0| ||eng|d | ||
| 999 | |c 42779 |d 42779 | ||
| 020 | |a 9780333968956 | ||
| 040 | |c cru CRAI/IIS | ||
| 090 | |a 05.03.05 R438r | ||
| 245 | 0 | |a Rethinking class: |b culture, identities and lifestyle / |c edited by Fiona Devine, Mike Savage, John Scott, Rosemary Crompton | |
| 260 | |a New York: |b Palgrave Macmillan, |c 2005 | ||
| 300 | |a 229 páginas: |b tablas, gráfico | ||
| 700 | 1 | |9 9093 |a Devine, Fiona |e editora | |
| 700 | 1 | |9 9094 |a Savage, Mike |e editor | |
| 700 | 1 | |9 9095 |a Scott, John |e editor | |
| 700 | 1 | |9 9096 |a Crompton, Rosemary |e editora | |
| 942 | |2 ddc |c LI | ||



